Central Library and Information Centre
Sibsagar Girls' College, Sivasagar : Assam

MODERN TEXT BOOK OF ZOOLOGY VERTIBRATES (Record no. 7189)

MARC details
000 -LEADER
fixed length control field 00405cam a2200169ua 4500
008 - FIXED-LENGTH DATA ELEMENTS--GENERAL INFORMATION
fixed length control field 120803n1994 II |||gr||||Z||||||eng
040 ## - CATALOGING SOURCE
Original cataloging agency MAIN
041 ## - LANGUAGE CODE
-- English
082 ## - DEWEY DECIMAL CLASSIFICATION NUMBER
Classification number 596 kot
100 ## - MAIN ENTRY--PERSONAL NAME
Personal name KOTPAL, R. L.
245 ## - TITLE STATEMENT
Title MODERN TEXT BOOK OF ZOOLOGY VERTIBRATES
260 ## - PUBLICATION, DISTRIBUTION, ETC.
Place of publication, distribution, etc. MUMBAI
Name of publisher, distributor, etc. HIMALAYA PUBLISHING HOUSE
Date of publication, distribution, etc. 1994
300 ## - PHYSICAL DESCRIPTION
Extent 632:
Dimensions 25CM.
942 ## - ADDED ENTRY ELEMENTS (KOHA)
Koha item type Books
653 ## - INDEX TERM--UNCONTROLLED
Uncontrolled term Chordates
Holdings
Withdrawn status Lost status Damaged status Not for loan Collection code Home library Current library Shelving location Date acquired Full call number Barcode Date last seen Copy number Price effective from Koha item type
        REFZOO Central Library and Information Centre Sibsagar Girls College Central Library and Information Centre Sibsagar Girls College Zoology Rack 05.02.1997 596 kot 14750 27.02.2020 1 27.02.2020 Books


Sibsagar Girl's College © 2020. All rights reserved.
Powered by Koha.
Maintained by Abhijit Borpuzari.